02982 a2200421 4500003000500000005001700005020002200022020002200044035002300066035002100089040000900110082002800119100002200147245015300169260004700322300003100369500005200400505006400452505059100516520060501107650004201712650002501754650004901779650003201828650003701860650002001897650004301917650002601960650004901986650003202035651003702067655002202104700002102126856027702147942001202424999001902436952010502455Nust20170207154052.0 a978-0-470-49849-1 a978-0-470-49849-1 a(AU-PeEL)EBL433751 a(OCoLC)430826730 cNust00a658.3a658.301a658.3011 aSujansky, Joanne.10aKeeping The Millennials (E-BOOK)h[Elektronisk resurs] :bWhy Companies Are Losing Billions in Turnover to This Generation- and What to Do About It. aHoboken :bJohn Wiley & Sons, Inc.,c2009. a1 online resource (255 p.) aDescription based upon print version of record.0 aChapter 11: Where to Start?Notes; About the Authors; Index;0 aKEEPING THE MILLENNIALS: Why Companies are Losing Billions in Turnover to the Generation-and What to do About it; Contents; Acknowledgments; Chapter 1: A Generational Battle Ahead; Chapter 2 :A Workforce to Reckon With; Chapter 3: Attracting Millennials . . . The "Cool Factor"; Chapter 4: Those Other Children of Boomers . . . Generation X; Chapter 5: Creating a Millennial-Friendly Culture; Chapter 6: Managing Millennials; Chapter 7: Millennial or Boomer?; Chapter 8: Preparing Millennials to Lead; Chapter 9: R U Communicating with Millennials?; Chapter 10: Marketing to Millennials a"This is a great book and a must-read for anyone who wants tounderstand the young people who are now or will soon join the workforce. It'sone of the most useful value-added books about the Millennial generation."-Warren Bennis, Distinguished Professor of Management, University of Southern California,and author of On Becoming a Leader "Are you confused trying to understand the younger generation? Keeping the Millennials explores this fascinating generation raised withtechnology and the challenges they bring to the workplace. Read this great book andlearn how to attract, hire, and retain this dy 4aEmployee motivation -- United States. 4aEmployee motivation. 4aGeneration Y -- Employment -- United States. 4aGeneration Y -- Employment. 4aLabor turnover -- United States. 4aLabor turnover. 4aPersonnel management -- United States. 4aPersonnel management. 4aYoung adults -- Employment -- United States. 4aYoung adults -- Employment. aKeeping The Millennials (E-BOOK) 0aElectronic books.1 aFerri-Reed, Jan.40uhttp://link.libris.kb.se/sfxcthb?url_ver=Z39.88-2004&ctx_ver=Z39.88-2004&ctx_enc=info:ofi/enc:UTF-8&rfr_id=info:sid/sfxit.com:opac_856&url_ctx_fmt=info:ofi/fmt:kev:mtx:ctx&sfx.ignore_date_threshold=1&rft.object_id=1000000000748555&svc_val_fmt=info:ofi/fmt:kev:mtx:sch_svc& 2ddccBK c193175d193175 00102ddc40708NFICaMCSbMCSd2016-12-12l0o658.301 SUJpMCSEB-2491r2016-12-08w2016-12-12yBK